000 01329 a2200265 4500
001 2162214035926770
003 UA-OsUOA
005 20260504115647.0
008 260430b un a|||| |||| 00| f ukr d
020 _a5774511294
040 _aUA-OsUOA
_bukr
_cUA-OsUOA
_dUA-OsUOA
041 _aukr
080 _a821.161.2
090 _a821.161.2
_bШ37
100 _aШевчук В.
_925139
245 _aКомпанія з пивниці біля Чуднівського мосту
_bповість
_cВалерій Шевчук
260 _aЛьвів
_bКаменяр
_c2006
300 _a94 с.
490 _aСерія "Повісті"
520 _aПовість відомого українського письменника на прикладі невеличкого містечка відтворює тяжку атмосферу 40–50-х рр. ХХ ст. Головних її персонажів – а це п’ятеро чоловіків – об’єднують дві речі: пивниця біля Чуднівського мосту і страх – страх епохи.
650 _a82 Література. Літературознавство
_915
942 _cBK
_2udc
955 _a3
999 _c580623
_d580623